Top ventes des joueurs du Stade de Reims depuis 2000 - Statistiques

Statistiques générales
  • Ce quiz a été pris 312 fois
  • Le résultat moyen est 10 sur 21
Statistiques - réponses
Poste Prix (en millions) Réponse % Correct
8 Gardien 7,6 Édouard Mendy
85%
1 Défenseur 17 Wout Faes
84%
2 Défenseur 13 Axel Disasi
81%
3 Attaquant 12 Boulaye Dia
81%
15 Gardien 2 Predrag Rajković
72%
4 Attaquant 10 Rémi Oudin
72%
7 Défenseur 8 Björn Engels
63%
5 Attaquant 9 Jordan Siebatcheu
52%
6 Attaquant 8 El Bilal Touré
50%
12 Défenseur 2,8 Aïssa Mandi
49%
11 Défenseur 4 Hassane Kamara
44%
9 Milieu 5,5 Grzegorz Krychowiak
43%
13 Défenseur 2,4 Hamari Traoré
42%
10 Attaquant 4,5 Nicolas de Préville
41%
16 Défenseur 2 Julian Jeanvier
34%
18 Milieu 1,5 Moreto Cassamá
27%
14 Milieu 2,2 Prince Oniangué
22%
17 Milieu 1,6 Julien Féret
14%
19 Attaquant 1,5 Benjamin Moukandjo
12%
20 Attaquant 1,3 Billal Brahimi
11%
21 (bonus) Attaquant 1,3 Amara Diané
10%
Aucun quiz correspondant
Distribution des résultats
% des personnes avec chaque résultat
Percentile par nombre de réponses
Votre historique - résultats
Vous n’avez pas pris ce quiz